| 000 | 00436nam a22001697a 4500 | ||
|---|---|---|---|
| 005 | 20230726095747.0 | ||
| 008 | 230726b |||||||| |||| 00| 0 eng d | ||
| 082 |
_a657.0285 _bLIV-P |
||
| 100 | _aLivingstone,John Leslie | ||
| 245 | _a PORTABLE MBA in FINANCE and ACCOUNTING | ||
| 260 |
_aUSA _bWILEY _c1992 |
||
| 300 | _a524 | ||
| 500 | _aINCLUIDE INDEX | ||
| 650 | _aAccounting | ||
| 700 | _aJohn Leslie Livingstone | ||
| 999 |
_c33144 _d33144 |
||